000 00522nam a2200181Ia 4500
008 240729s9999 xx 000 0 und d
022 _a2169-3277
245 0 _aProduction and Manufacturing Research: An Open Access Journal
260 _aUnited Kingdom
260 _bTaylor & Francis Group
650 _a Business
650 _a Commerce
650 _a Manufactures | Social Sciences
650 _aTechnology
856 _uhttps://doaj.org/toc/8106b95527054d1e8de3a52525a48b73
942 _2ddc
942 _cDOAJEJ
999 _c69155
_d69155
945 _a1
_bMadushi Gamage
_c1
_dMadushi Gamage